| 000 | 00391nam a2200145Ia 4500 | ||
|---|---|---|---|
| 008 | 151213s9999 xx 000 0 und d | ||
| 100 | _aPeter Lochtgan | ||
| 245 |
_aThe Corporate Communication Quick Reference _cPeter Lochtgan |
||
| 260 |
_aHomewood, Iuinois _bIrwin _c1993 |
||
| 300 | _a2811 p. | ||
| 650 | _aManagement | ||
| 650 | _aManagement | ||
| 700 | _aPeter Lochtgan | ||
| 999 |
_c1921 _d1921 |
||